[Event "POL-chT U20 2nd League"]
[Site "Szczyrk"]
[Date "2017.07.26"]
[Round "6.35"]
[White "Pluta, Natalia"]
[Black "Debowska, Michalina"]
[Result "1-0"]
[WhiteElo "1795"]
[BlackElo "1489"]
[PlyCount "85"]
[EventDate "2017.07.22"]
[EventType "team-swiss"]
[EventRounds "11"]
[EventCountry "POL"]
[SourceTitle "EXT 2019"]
[Source "ChessBase"]
[SourceDate "2018.10.10"]
[SourceVersion "1"]
[SourceVersionDate "2018.10.10"]
[SourceQuality "1"]

1. c4 e5 2. g3 Nf6 3. Bg2 d5 4. cxd5 Nxd5 5. Nc3 Be6 6. Nf3 Nc6 7. 0-0 Be7 8. d4 exd4 9. Nxd4 Nxc3 10. bxc3 Nxd4 11. cxd4 c6 12. Rb1 Qd7 13. Qa4 0-0 14. Rd1 Rfd8 15. Bd2 b5 16. Qa6 Bd5 17. e4 Bc4 18. Bf4 Qc8 19. Qa5 Bd6 20. Bg5 f6 21. Be3 Bc7 22. Qd2 Bb6 23. Qc2 Qb7 24. a4 a6 25. a5 Bxa5 26. Qxc4+ bxc4 27. Rxb7 c3 28. Ra1 c5 29. dxc5 c2 30. Rxa5 Rd1+ 31. Bf1 Re1 32. Rb2 Rxe3 33. Rxc2 Rxe4 34. Rxa6 Rxa6 35. Bxa6 Re7 36. c6 Rc7 37. Bb7 Kf8 38. Re2 Kf7 39. Kf1 g6 40. Ke1 h6 41. Kd2 g5 42. Kc3 h5 43. Kd4 1-0

[Event "POL-chT U20 2nd League"]
[Site "Szczyrk"]
[Date "2017.07.26"]
[Round "7.23"]
[White "Waligora, Julia"]
[Black "Debowska, Michalina"]
[Result "1/2-1/2"]
[WhiteElo "1366"]
[BlackElo "1489"]
[PlyCount "62"]
[EventDate "2017.07.22"]
[EventType "team-swiss"]
[EventRounds "11"]
[EventCountry "POL"]
[SourceTitle "EXT 2019"]
[Source "ChessBase"]
[SourceDate "2018.10.10"]
[SourceVersion "1"]
[SourceVersionDate "2018.10.10"]
[SourceQuality "1"]

1. e4 c5 2. Nf3 Nc6 3. d4 cxd4 4. Nxd4 g6 5. c4 Bg7 6. Be3 Nf6 7. Nc3 d6 8. Be2 0-0 9. 0-0 a6 10. Qd2 Bd7 11. f3 Rc8 12. Nxc6 bxc6 13. Rab1 c5 14. a3 Be6 15. Rfc1 a5 16. Nb5 Nd7 17. Qc2 f5 18. Bd2 Qb6 19. exf5 Bxf5 20. Bd3 Ne5 21. Bxf5 Rxf5 22. a4 Nc6 23. Qe4 Re5 24. Qd3 Rf8 25. f4 Nb4 26. Qb3 Ref5 27. Bxb4 axb4 28. g3 Kh8 29. Qd3 Qb7 30. Rc2 Ra8 31. b3 Rd8 1/2-1/2

[Event "POL-chT U20 2nd League"]
[Site "Szczyrk"]
[Date "2017.07.23"]
[Round "2.5"]
[White "Debowska, Michalina"]
[Black "Przepiora, Anna"]
[Result "0-1"]
[WhiteElo "1489"]
[BlackElo "1449"]
[PlyCount "98"]
[EventDate "2017.07.22"]
[EventType "team-swiss"]
[EventRounds "11"]
[EventCountry "POL"]
[SourceTitle "EXT 2019"]
[Source "ChessBase"]
[SourceDate "2018.10.10"]
[SourceVersion "1"]
[SourceVersionDate "2018.10.10"]
[SourceQuality "1"]

1. e4 c5 2. Nf3 Nc6 3. d4 cxd4 4. Nxd4 g6 5. c4 Bg7 6. Be3 Nf6 7. Nc3 d6 8. Be2 0-0 9. 0-0 Nxd4 10. Bxd4 Be6 11. Qd2 Rc8 12. b3 Qa5 13. Rfd1 Qd8 14. h3 a5 15. Qe3 Nd7 16. Bxg7 Kxg7 17. f4 Qb6 18. Qd4+ Kg8 19. Kh2 Qxd4 20. Rxd4 Nc5 21. Rb1 Ra8 22. g4 f5 23. Kg3 Rf7 24. exf5 gxf5 25. g5 Ne4+ 26. Nxe4 fxe4 27. Rxe4 Bf5 28. Bd3 Bxe4 29. Bxe4 e6 30. Rd1 Rd7 31. h4 Kg7 32. h5 a4 33. b4 Rad8 34. f5 exf5 35. Bxf5 Re7 36. Rd3 Re5 37. Kg4 Rf8 38. Bd7 Re4+ 39. Kg3 Rxc4 40. Rxd6 Rxb4 41. h6+ Kh8 42. Bf5 Rb5 43. Bxh7 Kxh7 44. Rd7+ Kg6 45. Rg7+ Kh5 46. g6 Kxh6 47. Rd7 Kxg6 48. Rd6+ Rf6 49. Rd4 Rg5+ 0-1

[Event "POL-chT U19 2nd League"]
[Site "Iwonicz"]
[Date "2016.07.31"]
[Round "6.35"]
[White "Debowska, Michalina"]
[Black "Gredka, Dominika"]
[Result "0-1"]
[WhiteElo "1432"]
[BlackElo "1687"]
[PlyCount "52"]
[EventDate "2016.07.23"]
[EventType "team-swiss"]
[EventRounds "11"]
[EventCountry "POL"]
[SourceTitle "EXT 2019"]
[Source "ChessBase"]
[SourceDate "2018.10.10"]
[SourceVersion "1"]
[SourceVersionDate "2018.10.10"]
[SourceQuality "1"]
[WhiteTeam "Wieliczka MKS MOS U19"]
[BlackTeam "Pszczyna PSSz U19"]
[WhiteTeamCountry "POL"]
[BlackTeamCountry "POL"]

1. e4 e5 2. Nf3 d6 3. Nc3 Nf6 4. d3 Be7 5. Be2 0-0 6. 0-0 c6 7. d4 exd4 8. Nxd4 Re8 9. f3 Bf8 10. Kh1 a5 11. a4 Na6 12. Bxa6 Rxa6 13. Re1 h6 14. b3 d5 15. exd5 Rxe1+ 16. Qxe1 Nxd5 17. Nxd5 Qxd5 18. Bb2 Ra8 19. Qe8 c5 20. Nb5 Qd2 21. Ba3 Bh3 22. Qxf8+ Rxf8 23. gxh3 Qxc2 24. Rc1 Qxb3 25. Rxc5 Qxf3+ 26. Kg1 Re8 0-1

[Event "POL-chT U19 2nd League"]
[Site "Iwonicz"]
[Date "2016.07.31"]
[Round "8.41"]
[White "Debowska, Michalina"]
[Black "Krzywnicka, Maria"]
[Result "1/2-1/2"]
[WhiteElo "1432"]
[BlackElo "1685"]
[PlyCount "93"]
[EventDate "2016.07.23"]
[EventType "team-swiss"]
[EventRounds "11"]
[EventCountry "POL"]
[SourceTitle "EXT 2019"]
[Source "ChessBase"]
[SourceDate "2018.10.10"]
[SourceVersion "1"]
[SourceVersionDate "2018.10.10"]
[SourceQuality "1"]
[WhiteTeam "Wieliczka MKS MOS U19"]
[BlackTeam "Strzelce Krajenskie STMGK U19"]
[WhiteTeamCountry "POL"]
[BlackTeamCountry "POL"]

1. e4 c5 2. Nf3 d6 3. d4 cxd4 4. Nxd4 Nf6 5. Nc3 a6 6. Be2 e5 7. Nb3 Be6 8. 0-0 Be7 9. Kh1 0-0 10. Be3 b5 11. f3 Qc7 12. a4 b4 13. Nd5 Bxd5 14. exd5 a5 15. Qd2 Nbd7 16. Rac1 Nb6 17. Bxb6 Qxb6 18. Bb5 Bd8 19. c4 Ra7 20. Rce1 Nd7 21. Qe3 Qxe3 22. Rxe3 Bb6 23. Re2 f5 24. g3 Nc5 25. Nxc5 Bxc5 26. b3 g5 27. Kg2 Rg7 28. Kh1 Kh8 29. h3 h5 30. Kh2 Rfg8 31. Rg2 f4 32. g4 hxg4 33. Rxg4 Rh7 34. Kg2 Rg6 35. Rh1 Rg8 36. Re1 Rh4 37. Bd7 Rxg4+ 38. Bxg4 Kg7 39. Be6 Rh8 40. Bg4 Kf6 41. Re2 Be3 42. Rc2 Re8 43. Be6 Re7 44. Re2 Kg6 45. Rc2 Kh5 46. Bf5 Rf7 47. Bg4+ 1/2-1/2

[Event "POL-chT U19 2nd League"]
[Site "Iwonicz"]
[Date "2016.07.31"]
[Round "7.23"]
[White "Wawrzyniak, Weronika"]
[Black "Debowska, Michalina"]
[Result "1-0"]
[WhiteElo "1322"]
[BlackElo "1432"]
[PlyCount "167"]
[EventDate "2016.07.23"]
[EventType "team-swiss"]
[EventRounds "11"]
[EventCountry "POL"]
[SourceTitle "EXT 2019"]
[Source "ChessBase"]
[SourceDate "2018.10.10"]
[SourceVersion "1"]
[SourceVersionDate "2018.10.10"]
[SourceQuality "1"]
[WhiteTeam "Kalisz KTS U19"]
[BlackTeam "Wieliczka MKS MOS U19"]
[WhiteTeamCountry "POL"]
[BlackTeamCountry "POL"]

1. e4 c5 2. Nf3 Nc6 3. Bb5 g6 4. c3 Bg7 5. 0-0 d6 6. h3 Bd7 7. Ba4 Nf6 8. Re1 0-0 9. d4 cxd4 10. cxd4 e6 11. Nc3 Ne7 12. Bb3 Ne8 13. Be3 Nc7 14. Qd2 Nb5 15. Bh6 Nxc3 16. bxc3 Rc8 17. Rac1 Re8 18. Bxg7 Kxg7 19. Qf4 Rc6 20. Ng5 Rf8 21. Re3 h6 22. Nf3 Bc8 23. h4 Kh7 24. g4 Ng8 25. e5 d5 26. Bc2 Kg7 27. Qg3 b6 28. Nh2 Ba6 29. f4 Kh8 30. Nf3 Bc8 31. h5 Kg7 32. Nh4 g5 33. fxg5 Qxg5 34. Rce1 Rc7 35. Nf3 Qe7 36. g5 Kh8 37. gxh6 Nxh6 38. Qf4 Rg8+ 39. Kh1 Qf8 40. Rg1 Rxg1+ 41. Nxg1 Nf5 42. Bxf5 exf5 43. Rg3 Rc6 44. Kh2 Rh6 45. Rg5 Be6 46. Nf3 Kh7 47. Nh4 Qc8 48. Nxf5 Bxf5 49. Qxf5+ Qxf5 50. Rxf5 Kg7 51. Kh3 Rc6 52. Rf3 a5 53. Kh4 b5 54. Kg5 a4 55. Rf6 Rxc3 56. h6+ Kg8 57. Rd6 Rg3+ 58. Kh4 Ra3 59. Rxd5 Rxa2 60. Rxb5 Rh2+ 61. Kg3 Rxh6 62. Ra5 Kf8 63. Rxa4 Rb6 64. Ra7 Rb4 65. Rd7 Ke8 66. Rd6 Ke7 67. Kf4 Rb1 68. Ra6 Rb7 69. Ke4 Rc7 70. Kf5 Rd7 71. Ke4 Rb7 72. Kd5 Rd7+ 73. Kc5 Rc7+ 74. Rc6 Rd7 75. d5 Kd8 76. Rd6 Ke7 77. Rxd7+ Kxd7 78. Kd4 Ke7 79. Ke4 f6 80. e6 Kd6 81. Kf5 Ke7 82. d6+ Kf8 83. Kxf6 Ke8 84. e7 1-0

[Event "POL-chT U19 2nd League"]
[Site "Iwonicz"]
[Date "2016.07.31"]
[Round "5.35"]
[White "Wojcik, Jagoda"]
[Black "Debowska, Michalina"]
[Result "1-0"]
[WhiteElo "1609"]
[BlackElo "1432"]
[PlyCount "51"]
[EventDate "2016.07.23"]
[EventType "team-swiss"]
[EventRounds "11"]
[EventCountry "POL"]
[SourceTitle "EXT 2019"]
[Source "ChessBase"]
[SourceDate "2018.10.10"]
[SourceVersion "1"]
[SourceVersionDate "2018.10.10"]
[SourceQuality "1"]
[WhiteTeam "Gliwice Politechnika Slaska U19"]
[BlackTeam "Wieliczka MKS MOS U19"]
[WhiteTeamCountry "POL"]
[BlackTeamCountry "POL"]

1. e4 c5 2. Nf3 Nc6 3. Bb5 g6 4. 0-0 Bg7 5. c3 a6 6. Ba4 e6 7. d4 cxd4 8. cxd4 b5 9. Bc2 Nge7 10. Nc3 0-0 11. Bf4 d5 12. e5 Bb7 13. h4 Rc8 14. h5 Qd7 15. Ng5 h6 16. Nh3 Nf5 17. hxg6 fxg6 18. Qg4 Qf7 19. Be3 Nb4 20. Bb1 Nxe3 21. fxe3 Qxf1+ 22. Kh2 Rce8 23. Qxg6 Rf7 24. Nf4 Qf2 25. Qh7+ Kf8 26. Ng6# 1-0

[Event "POL-chT U19 2nd League"]
[Site "Szczyrk"]
[Date "2014.07.30"]
[Round "8.18"]
[White "Karykowska, Anna"]
[Black "Debowska, Michalina"]
[Result "1-0"]
[WhiteElo "1528"]
[BlackElo "1453"]
[PlyCount "129"]
[EventDate "2014.07.25"]
[EventType "team-swiss"]
[EventRounds "11"]
[EventCountry "POL"]
[SourceTitle "EXT 2015"]
[Source "ChessBase"]
[SourceDate "2014.11.20"]
[SourceVersion "1"]
[SourceVersionDate "2014.11.20"]
[SourceQuality "1"]
[WhiteTeam "Legnica Miedz U19"]
[BlackTeam "Wieliczka MKS MOS U19"]
[WhiteTeamCountry "POL"]
[BlackTeamCountry "POL"]

1. e4 c5 2. Nf3 Nc6 3. d4 cxd4 4. Nxd4 g6 5. c4 Bg7 6. Be3 Nf6 7. Nc3 0-0 8. Be2 d6 9. Qd2 Ng4 10. Bxg4 Bxg4 11. 0-0 a6 12. Nd5 Rc8 13. f3 Bd7 14. Rac1 f5 15. exf5 Bxf5 16. Nxf5 Rxf5 17. b3 Qf8 18. Rce1 Be5 19. f4 Bg7 20. Bf2 Bh6 21. Be3 Rf7 22. Rf3 e6 23. Nb6 Rd8 24. Ref1 Ne7 25. Qf2 Nf5 26. Bc1 Bg7 27. Bb2 Bxb2 28. Qxb2 Qg7 29. Qxg7+ Kxg7 30. Rd1 Kf6 31. Rfd3 Ke7 32. g3 Rff8 33. Re1 Kf7 34. Red1 Ke7 35. b4 h6 36. h4 h5 37. Kf2 Rg8 38. a4 Rgf8 39. a5 Rfe8 40. Rb1 Kf6 41. Re1 Kf7 42. Re2 Ne7 43. b5 Kf6 44. bxa6 bxa6 45. c5 dxc5 46. Nd7+ Kf7 47. Nxc5 Rxd3 48. Nxd3 Nc6 49. Nc5 Nxa5 50. Ra2 Nc4 51. Ra4 Nb6 52. Rxa6 Nd5 53. Ne4 Re7 54. Ng5+ Kf6 55. Ne4+ Kf7 56. Ra5 Rd7 57. Ra8 Nb6 58. Ra6 Nd5 59. Ng5+ Ke8 60. Rxe6+ Ne7 61. Ne4 Kf7 62. Rf6+ Kg7 63. Ra6 Rb7 64. Ra2 Nf5 65. Rc2 1-0

[Event "POL-chT U19 2nd League"]
[Site "Szczyrk"]
[Date "2014.07.26"]
[Round "2.48"]
[White "Bakalarczyk, Zuzanna"]
[Black "Debowska, Michalina"]
[Result "1/2-1/2"]
[WhiteElo "1239"]
[BlackElo "1453"]
[PlyCount "71"]
[EventDate "2014.07.25"]
[EventType "team-swiss"]
[EventRounds "11"]
[EventCountry "POL"]
[SourceTitle "EXT 2015"]
[Source "ChessBase"]
[SourceDate "2014.11.20"]
[SourceVersion "1"]
[SourceVersionDate "2014.11.20"]
[SourceQuality "1"]
[WhiteTeam "Wielun UKS Piatka U19"]
[BlackTeam "Wieliczka MKS MOS U19"]
[WhiteTeamCountry "POL"]
[BlackTeamCountry "POL"]

1. e4 c5 2. Nf3 Nc6 3. d4 cxd4 4. Nxd4 g6 5. Be3 Bg7 6. Nc3 Nf6 7. Be2 0-0 8. Qd2 d6 9. f3 Bd7 10. 0-0 a6 11. Rad1 Qc7 12. a3 Rfd8 13. Nb3 Rac8 14. h3 Ne5 15. Rc1 Be6 16. Bd3 Nc4 17. Bxc4 Bxc4 18. Rfd1 Nd7 19. Bd4 Bxb3 20. cxb3 Bxd4+ 21. Qxd4 Qb6 22. Qxb6 Nxb6 23. Kf2 Kf8 24. Ke3 e6 25. Ke2 Ke7 26. Ke3 Nd7 27. Ne2 Nb6 28. Nc3 h6 29. h4 Nd7 30. Ne2 Nb6 31. Nc3 Nd7 32. Ne2 Nb6 33. Nc3 Nd7 34. Ne2 Nb6 35. Nc3 Nd7 36. Ne2 1/2-1/2

[Event "POL-chT U19 1st League"]
[Site "Karpacz"]
[Date "2013.07.29"]
[Round "8"]
[White "Dmochowska, Agnieszka"]
[Black "Debowska, Michalina"]
[Result "1-0"]
[WhiteElo "1807"]
[BlackElo "1433"]
[PlyCount "75"]
[EventDate "2013.07.22"]
[EventType "team-tourn"]
[EventRounds "9"]
[EventCountry "POL"]
[SourceTitle "EXT 2014"]
[Source "ChessBase"]
[SourceDate "2013.11.20"]
[SourceVersion "1"]
[SourceVersionDate "2013.11.20"]
[SourceQuality "1"]
[WhiteTeam "Wroclaw MUKS MDK Srodmiescie U19"]
[BlackTeam "Wieliczka MKS MOS U19"]
[WhiteTeamCountry "POL"]
[BlackTeamCountry "POL"]

1. e4 c5 2. Nf3 Nc6 3. d4 cxd4 4. Nxd4 g6 5. c4 Bg7 6. Nc2 Nf6 7. Nc3 0-0 8. Be2 d6 9. 0-0 b6 10. Be3 Bb7 11. f3 Qd7 12. Qd2 Rfd8 13. Rab1 Rac8 14. b3 Qe8 15. Bg5 Rd7 16. Nd5 Rcd8 17. b4 Nb8 18. a4 Bxd5 19. exd5 Rc7 20. Nd4 Rdc8 21. Rfe1 Rd7 22. Bf1 Qd8 23. g3 Kh8 24. Bh3 Rxc4 25. Bxd7 Qxd7 26. Rbc1 Rxc1 27. Rxc1 Nxd5 28. Nb5 e6 29. Nxa7 Bc3 30. Rxc3 Qxa7 31. Qxd5 b5+ 32. Be3 Qxe3+ 33. Rxe3 exd5 34. Re8+ Kg7 35. Rxb8 bxa4 36. Ra8 d4 37. b5 d3 38. Kf2 1-0

[Event "Krakow op-B 23rd"]
[Site "Krakow"]
[Date "2012.12.30"]
[Round "5"]
[White "Mottang, Harald"]
[Black "Debowska, Michalina"]
[Result "1-0"]
[WhiteElo "1731"]
[BlackElo "1435"]
[PlyCount "77"]
[EventDate "2012.12.27"]
[EventType "swiss"]
[EventRounds "9"]
[EventCountry "POL"]
[SourceTitle "CBM 152 Extra"]
[Source "ChessBase"]
[SourceDate "2013.02.25"]
[SourceVersion "1"]
[SourceVersionDate "2013.02.25"]
[SourceQuality "1"]

1. Nf3 d5 2. c4 c6 3. cxd5 cxd5 4. d4 Nc6 5. Nc3 Bf5 6. e3 e6 7. Qb3 Qc7 8. Bb5 a6 9. Qa4 Rc8 10. Bxc6+ Qxc6 11. Qb3 Bd6 12. Bd2 Nf6 13. Rc1 Qd7 14. 0-0 0-0 15. Ne2 Bg4 16. Ne5 Bxe5 17. dxe5 Ne4 18. Qd1 Rxc1 19. Bxc1 Bxe2 20. Qxe2 Rc8 21. f3 Nc5 22. b3 Qc7 23. Bb2 Qa5 24. Bd4 Nd7 25. f4 Qc7 26. h3 h6 27. f5 exf5 28. Rxf5 Qc1+ 29. Kh2 Qb1 30. Qf3 Rc1 31. Rxf7 Rh1+ 32. Kg3 Qe1+ 33. Qf2 Qb1 34. Rxg7+ Kxg7 35. e6+ Kg6 36. exd7 Rf1 37. d8Q Rxf2 38. Qg8+ Kh5 39. Qg4# 1-0

[Event "POL-chT U19 1st League"]
[Site "Suchedniow"]
[Date "2012.07.??"]
[Round "8"]
[White "Suchanek, Paulina"]
[Black "Debowska, Michalina"]
[Result "1-0"]
[WhiteElo "1296"]
[BlackElo "1491"]
[PlyCount "111"]
[EventDate "2012.07.21"]
[EventType "team-swiss"]
[EventRounds "9"]
[EventCountry "POL"]
[SourceTitle "EXT 2014"]
[Source "ChessBase"]
[SourceDate "2013.11.20"]
[SourceVersion "1"]
[SourceVersionDate "2013.11.20"]
[SourceQuality "1"]
[WhiteTeam "Raciborz KSz Silesia U19"]
[BlackTeam "Wieliczka MKS MOS U19"]
[WhiteTeamCountry "POL"]
[BlackTeamCountry "POL"]

1. e4 e5 2. Nf3 Nc6 3. Bb5 a6 4. Bxc6 dxc6 5. 0-0 Bd6 6. c3 Bg4 7. d4 Bxf3 8. Qxf3 Qf6 9. Nd2 c5 10. d5 Qxf3 11. Nxf3 Ne7 12. Nh4 0-0 13. f4 exf4 14. Bxf4 f6 15. Bxd6 cxd6 16. Nf5 Nxf5 17. exf5 Rfe8 18. Rae1 Re5 19. Rxe5 fxe5 20. g4 h6 21. h4 Kf7 22. Kg2 Rh8 23. Kf3 Kf6 24. Ke4 b5 25. b3 Rc8 26. Ra1 Rb8 27. g5+ hxg5 28. hxg5+ Kf7 29. Rh1 a5 30. f6 Kg6 31. fxg7 Kxg7 32. Rh6 Rb6 33. Re6 c4 34. Kf5 b4 35. Re7+ Kf8 36. Rc7 bxc3 37. Rxc4 Rb5 38. Rxc3 Rxd5 39. Rc8+ Kf7 40. Rc7+ Ke8 41. Ke6 Kd8 42. Kxd5 Kxc7 43. g6 e4 44. Kxe4 Kc6 45. g7 Kc5 46. g8Q Kb4 47. Qc4+ Ka3 48. Qa4+ Kb2 49. Qxa5 Kc2 50. Ke3 Kb2 51. Kd3 Kb1 52. Qd2 d5 53. Qc2+ Ka1 54. Qc1+ Kxa2 55. Kc2 d4 56. Qb2# 1-0